[Event "Mediteranian Flower WGM Tournament"]
[Site "Rijeka CRO"]
[Date "2005.03.09"]
[Round "6.5"]
[White "Pokorna, Regina"]
[Black "Franciskovic, Borka"]
[Result "1-0"]
[WhiteElo "2374"]
[BlackElo "2193"]
[PlyCount "75"]
[EventDate "2005.03.05"]
[EventType "tourn"]
[EventRounds "9"]
[EventCountry "CRO"]
[Source "lmi"]
[SourceDate "2005.03.12"]

1. e4 c6 2. d4 d5 3. exd5 cxd5 4. Bd3 Nc6 5. c3 Nf6 6. Bf4 Bg4 7. Qb3 Qd7 8.
Nd2 e6 9. Ngf3 Bxf3 10. Nxf3 Bd6 11. Be5 Bxe5 12. Nxe5 Qc7 13. f4 O-O 14. O-O
Rab8 15. Rae1 g6 16. Qc2 Ne7 17. Qf2 Nf5 18. g4 Nd6 19. f5 exf5 20. gxf5 Nc4
21. Qh4 Nxe5 22. dxe5 Ne4 23. Bxe4 dxe4 24. Qxe4 Rfe8 25. e6 gxf5 26. Qxf5 fxe6
27. Rxe6 Qg7+ 28. Kh1 Rf8 29. Rf6 Rxf6 30. Qxf6 Qxf6 31. Rxf6 Kg7 32. Rd6 Kf7
33. Rd7+ Kg6 34. Kg2 a5 35. Rd6+ Kg7 36. Rb6 Kf7 37. c4 Ke7 38. c5 1-0

[Event "Mediteranian Flower WGM Tournament"]
[Site "Rijeka CRO"]
[Date "2005.03.10"]
[Round "7.2"]
[White "Bogza, Adina-Maria"]
[Black "Pokorna, Regina"]
[Result "0-1"]
[WhiteElo "2272"]
[BlackElo "2374"]
[PlyCount "114"]
[EventDate "2005.03.05"]
[EventType "tourn"]
[EventRounds "9"]
[EventCountry "CRO"]
[Source "lmi"]
[SourceDate "2005.03.12"]

1. Nf3 Nf6 2. c4 e6 3. e3 d5 4. b3 Bd6 5. Bb2 O-O 6. Nc3 b6 7. Be2 a6 8. O-O
Bb7 9. cxd5 exd5 10. d4 Nbd7 11. Rc1 Re8 12. Qc2 Ne4 13. Nxe4 dxe4 14. Ne5 Nf6
15. Rfd1 Nd5 16. a3 Qg5 17. b4 b5 18. Qb3 Re6 19. g3 Rae8 20. h4 Qd8 21. Bg4
Rh6 22. Kg2 Bf8 23. Bh3 Rd6 24. Kg1 f6 25. Bf5 fxe5 26. dxe5 Rde6 27. Bxe4 c6
28. f4 Qe7 29. Bf5 Kh8 30. Bxe6 Qxe6 31. Qd3 Qg4 32. Kf2 Nb6 33. Qe2 Qh3 34.
Rh1 Qe6 35. e4 Nc4 36. Bd4 a5 37. h5 Qd7 38. Rcd1 Qf7 39. h6 Nxe5 40. Bxe5 Rxe5
41. hxg7+ Bxg7 42. Rd8+ Re8 43. Qd3 axb4 44. axb4 c5 45. bxc5 Bf8 46. Qd4+ Kg8
47. Rxe8 Qxe8 48. Rh4 Qxe4 49. Rg4+ Kf7 50. Qxe4 Bxe4 51. Rg5 b4 52. Re5 Bc6
53. g4 b3 54. g5 b2 55. Re1 Bxc5+ 56. Kg3 Be4 57. Rxe4 b1=Q 0-1

[Event "Mediteranian Flower WGM Tournament"]
[Site "Rijeka CRO"]
[Date "2005.03.10"]
[Round "7.3"]
[White "Grabics, Monika"]
[Black "Sargac, Rajna"]
[Result "0-1"]
[WhiteElo "2326"]
[BlackElo "2208"]
[PlyCount "65"]
[EventDate "2005.03.05"]
[EventType "tourn"]
[EventRounds "9"]
[EventCountry "CRO"]
[Source "lmi"]
[SourceDate "2005.03.12"]

1. e4 c5 2. Nf3 Nc6 3. d4 cxd4 4. Nxd4 Nf6 5. Na3 e5 6. Ndb5 d6 7. Bg5 a6 8.
Nc3 b5 9. Nd5 Be7 10. Bxf6 Bxf6 11. g3 O-O 12. Bg2 Be6 13. O-O Bg5 14. Qd3 Ne7
15. Nxe7+ Qxe7 16. c4 b4 17. Nc2 a5 18. b3 Qc7 19. Rad1 Rad8 20. f4 Bh6 21. Ne3
Qc5 22. Kh1 g6 23. Rf3 f6 24. f5 Bf7 25. Ng4 Bg7 26. fxg6 Bxg6 27. Rdf1 Qd4 28.
Qxd4 exd4 29. Nxf6+ Kh8 30. g4 Rf7 31. g5 Re7 32. Rd3 Re5 33. h4 0-1

[Event "Mediteranian Flower WGM Tournament"]
[Site "Rijeka CRO"]
[Date "2005.03.10"]
[Round "7.5"]
[White "Medic, Mirjana"]
[Black "Srebrnic, Ana"]
[Result "1-0"]
[WhiteElo "2245"]
[BlackElo "2226"]
[PlyCount "115"]
[EventDate "2005.03.05"]
[EventType "tourn"]
[EventRounds "9"]
[EventCountry "CRO"]
[Source "lmi"]
[SourceDate "2005.03.12"]

1. d4 d6 2. Nf3 Bg4 3. c4 Nd7 4. Nc3 e5 5. g3 Bxf3 6. exf3 exd4 7. Qxd4 Ngf6 8.
Bg2 Be7 9. O-O O-O 10. f4 c6 11. b3 Qb6 12. Qd2 Nc5 13. Bb2 Rfe8 14. Rad1 a5
15. Ba3 Bf8 16. Qc2 Rad8 17. h3 Nfd7 18. Rd2 Nb8 19. Nd1 Nba6 20. Ne3 Nb4 21.
Qb1 d5 22. cxd5 cxd5 23. Nxd5 Nxd5 24. Rxd5 Ne4 25. Rxd8 Rxd8 26. Bxe4 Bxa3 27.
Bxh7+ Kh8 28. Bd3 Kg8 29. Rd1 Qf6 30. Bh7+ Kf8 31. Rxd8+ Qxd8 32. Bd3 Qd4 33.
Bb5 Bc5 34. Qe1 Kg8 35. Qe2 b6 36. h4 g6 37. Bd3 Kg7 38. f5 Kf6 39. fxg6 fxg6
40. Kg2 a4 41. bxa4 Qxa4 42. Bc4 Qd7 43. h5 gxh5 44. Qxh5 Qd2 45. Qf7+ Kg5 46.
Qd5+ Qxd5+ 47. Bxd5 Kf5 48. f4 Bb4 49. Kf3 Bd2 50. g4+ Kf6 51. g5+ Kf5 52. Be4+
Ke6 53. Kg4 Bc1 54. Bf5+ Ke7 55. Bc8 Kd6 56. f5 Ke5 57. f6 Ba3 58. Kh5 1-0

[Event "Mediteranian Flower WGM Tournament"]
[Site "Rijeka CRO"]
[Date "2005.03.11"]
[Round "8.1"]
[White "Macek, Vlasta"]
[Black "Srebrnic, Ana"]
[Result "1/2-1/2"]
[WhiteElo "2214"]
[BlackElo "2226"]
[PlyCount "93"]
[EventDate "2005.03.05"]
[EventType "tourn"]
[EventRounds "9"]
[EventCountry "CRO"]
[Source "lmi"]
[SourceDate "2005.03.12"]

1. d4 d6 2. c4 e5 3. Nc3 exd4 4. Qxd4 Nc6 5. Qd2 g6 6. b3 Bg7 7. Bb2 Nf6 8. g3
O-O 9. Bg2 Re8 10. Nf3 Bf5 11. O-O Ne4 12. Nxe4 Bxe4 13. Rad1 Qe7 14. Rfe1 Rad8
15. Nh4 Bxb2 16. Qxb2 g5 17. Bxe4 Qxe4 18. Ng2 Re6 19. Qd2 h6 20. Qd3 Qxd3 21.
Rxd3 Ne5 22. Rd2 Ng4 23. h3 Nf6 24. f3 Rde8 25. Kf2 Nh5 26. e4 Ng7 27. g4 h5
28. Ne3 hxg4 29. hxg4 Rh6 30. Kg3 Kf8 31. Ree2 Ke7 32. Nf5+ Nxf5+ 33. exf5+ Kd7
34. Rxe8 Kxe8 35. f4 gxf4+ 36. Kxf4 f6 37. Rg2 Kf7 38. Rc2 Rh1 39. c5 Rf1+ 40.
Ke3 dxc5 41. Rxc5 c6 42. Rc2 Rg1 43. Rh2 Rxg4 44. Rh7+ Rg7 45. Rh8 Rg8 46. Rh7+
Rg7 47. Rh8 1/2-1/2

[Event "Mediteranian Flower WGM Tournament"]
[Site "Rijeka CRO"]
[Date "2005.03.11"]
[Round "8.2"]
[White "Pahor, Andrea"]
[Black "Medic, Mirjana"]
[Result "1/2-1/2"]
[WhiteElo "2064"]
[BlackElo "2245"]
[PlyCount "64"]
[EventDate "2005.03.05"]
[EventType "tourn"]
[EventRounds "9"]
[EventCountry "CRO"]
[Source "lmi"]
[SourceDate "2005.03.12"]

1. e4 e6 2. d3 d5 3. Nd2 Nf6 4. Ngf3 b6 5. g3 dxe4 6. dxe4 Bb7 7. Qe2 Nbd7 8.
Bg2 e5 9. O-O Bc5 10. Nh4 g6 11. Nb3 Bd6 12. f4 Qe7 13. f5 O-O-O 14. Bg5 Kb8
15. c4 Rhf8 16. Bh6 Rg8 17. Bg5 h6 18. Bxf6 Nxf6 19. fxg6 fxg6 20. Rf2 Bc5 21.
Nxc5 Qxc5 22. Raf1 h5 23. b4 Qd4 24. Nf3 Qd6 25. Nxe5 Qxe5 26. Rxf6 Rde8 27.
Qe3 Bxe4 28. Bxe4 Qxe4 29. Qxe4 Rxe4 30. R1f4 Re2 31. Rf2 Re4 32. R2f4 Re2
1/2-1/2

[Event "Mediteranian Flower WGM Tournament"]
[Site "Rijeka CRO"]
[Date "2005.03.11"]
[Round "8.4"]
[White "Pokorna, Regina"]
[Black "Grabics, Monika"]
[Result "1/2-1/2"]
[WhiteElo "2374"]
[BlackElo "2326"]
[PlyCount "21"]
[EventDate "2005.03.05"]
[EventType "tourn"]
[EventRounds "9"]
[EventCountry "CRO"]
[Source "lmi"]
[SourceDate "2005.03.12"]

1. e4 c5 2. Nf3 e6 3. d4 cxd4 4. Nxd4 Nc6 5. Nc3 Qc7 6. Be2 a6 7. O-O Nf6 8.
Be3 d6 9. a4 Be7 10. f4 O-O 11. Kh1 1/2-1/2

[Event "Mediteranian Flower WGM Tournament"]
[Site "Rijeka CRO"]
[Date "2005.03.12"]
[Round "9.2"]
[White "Grabics, Monika"]
[Black "Franciskovic, Borka"]
[Result "1-0"]
[WhiteElo "2326"]
[BlackElo "2193"]
[PlyCount "105"]
[EventDate "2005.03.05"]
[EventType "tourn"]
[EventRounds "9"]
[EventCountry "CRO"]
[Source "lmi"]
[SourceDate "2005.03.12"]

1. e4 c6 2. d4 d5 3. f3 e6 4. Nc3 Bb4 5. Bf4 Ne7 6. Qd3 Nd7 7. O-O-O O-O 8.
Nge2 Nb6 9. a3 Bd6 10. e5 Bb8 11. Bg5 Nc4 12. f4 b5 13. g4 b4 14. Nb1 Re8 15.
a4 Qa5 16. b3 Nb6 17. Ng3 c5 18. Qb5 Qxb5 19. Bxb5 Bd7 20. Bxe7 Rxe7 21. dxc5
Bxb5 22. axb5 Nd7 23. c6 Nb6 24. Rd4 a5 25. bxa6 Rxa6 26. Rxb4 Rc7 27. Ne2 Rxc6
28. Nd4 Rc8 29. Re1 Kf8 30. Kb2 Nd7 31. Nc3 Ba7 32. Na4 Nc5 33. Ra1 Nxa4+ 34.
Raxa4 Bxd4+ 35. Rxd4 Rac6 36. c4 dxc4 37. Rdxc4 Rxc4 38. Rxc4 Rd8 39. Kc3 Rd1
40. b4 Rb1 41. Rd4 Ke7 42. Kc4 Rc1+ 43. Kb5 Rc2 44. Kb6 Rxh2 45. b5 f6 46. Rc4
fxe5 47. fxe5 Re2 48. Kc7 Rxe5 49. b6 Rb5 50. b7 e5 51. b8=Q Rxb8 52. Kxb8 Ke6
53. Rc7 1-0

[Event "Mediteranian Flower WGM Tournament"]
[Site "Rijeka CRO"]
[Date "2005.03.12"]
[Round "9.4"]
[White "Medic, Mirjana"]
[Black "Sargac, Rajna"]
[Result "1/2-1/2"]
[WhiteElo "2245"]
[BlackElo "2208"]
[PlyCount "26"]
[EventDate "2005.03.05"]
[EventType "tourn"]
[EventRounds "9"]
[EventCountry "CRO"]
[Source "lmi"]
[SourceDate "2005.03.12"]

1. d4 d5 2. c4 c6 3. Nc3 Nf6 4. cxd5 cxd5 5. Bf4 e6 6. Nf3 Be7 7. e3 O-O 8. Bd3
Nc6 9. Rc1 Bd7 10. O-O Rc8 11. Ne5 h6 12. Qe2 a6 13. Nxc6 Bxc6 1/2-1/2

[Event "Mediteranian Flower WGM Tournament"]
[Site "Rijeka CRO"]
[Date "2005.03.12"]
[Round "9.5"]
[White "Srebrnic, Ana"]
[Black "Pahor, Andrea"]
[Result "1/2-1/2"]
[WhiteElo "2226"]
[BlackElo "2064"]
[PlyCount "31"]
[EventDate "2005.03.05"]
[EventType "tourn"]
[EventRounds "9"]
[EventCountry "CRO"]
[Source "lmi"]
[SourceDate "2005.03.12"]

1. Nf3 Nf6 2. c4 e6 3. Nc3 d5 4. d4 c6 5. Bg5 Be7 6. e3 Nbd7 7. cxd5 exd5 8.
Qc2 O-O 9. Bd3 Re8 10. O-O a6 11. Bh4 Ne4 12. Bxe7 Qxe7 13. Bxe4 dxe4 14. Nd2
Nf6 15. Na4 Ng4 16. h3 1/2-1/2